Lady Gaga - Poker Face Lyrics - Statistics

General Stats
  • This quiz has been taken 1,340 times
    944 since last reset
  • The average score is 41 of 56
Answer Stats
Hint Answer % Correct
No he can't read my __ __ Poker Face
94%
No he can't read my __ __ Poker Face
94%
P p p __ __ p p p __ __ Poker Face
94%
P p p __ __ p p p __ __ Poker Face
94%
No he can't read my __ __ Poker Face
94%
No he can't read my __ __ Poker Face
94%
No he can't read my __ __ Poker Face
94%
No he can't read my __ __ Poker Face
94%
P p p __ __ p p p __ __ Poker Face
94%
P p p __ __ p p p __ __ Poker Face
94%
Can't read __ My
91%
Can't read __ My
91%
Can't read __ My
91%
Can't read __ My
91%
Can't read __ My
91%
Can't read __ My
91%
Can't read __ My
91%
Can't read __ My
91%
Can't read __ My
91%
Can't read __ My
91%
Can't read __ My
91%
Can't read __ My
91%
Oh, oh, oh, oh, oh, oh-oh-e-oh-oh-__ Oh
87%
Oh, oh, oh, oh, oh, oh-oh-e-oh-oh-__ Oh
87%
Oh, oh, oh, oh, oh, oh-oh-e-oh-oh-__ Oh
87%
Oh, oh, oh, oh, oh, oh-oh-e-oh-oh-__ Oh
87%
(Muh muh muh __) Muh
72%
(Muh muh muh __) Muh
72%
(Muh muh muh __) (Verse times 3) Muh
72%
I wanna hold 'em like they do in __ __ Texas Please
72%
And after he's been hooked I'll play the one that's __ __ __ On his Heart
71%
Fold 'em, let 'em, hit me, raise it baby __ __ __ (I love it) Stay With Me
71%
__ __ is not the same without a gun Russian Roulette
65%
I'll get him hot, show him __ __ __ What i've got
64%
I'll get him hot, show him __ __ __ What i've got
64%
I'll get him hot, show him __ __ __ What i've got
64%
I'll get him hot, show him __ __ __ What i've got
64%
And baby when it's love, if its not rough __ __ __ (Fun) It isn't fun
62%
(She's got me __ __) Like nobody
59%
(She's got me __ __) Like nobody
59%
(She's got me __ __) Like nobody
59%
(She's got me __ __) Like nobody
59%
(She's got me __ __) Like nobody
59%
(She's got me __ __) (Chorus times 2) Like nobody
59%
(I __ __) Love it
59%
'Cause I'm bluffing with my __ Muffin
56%
Just like a __ in the casino Chick
51%
A little __ is fun when you're with me Gambling
51%
I won't tell you that __ __ __ I love you
51%
Love Game intuition play the cards with __ to start Spades
49%
I promise this, __ __ Promise this
46%
__ __ __ you Kiss or hug
37%
I'm not lying I'm just stunning with my __ __ __ Love glue gunnin'
35%
I wanna roll with him a __ __ we will be Hard pair
30%
Take your __ before I pay you out Bank
28%
__ __ __ cause I'm marvelous Check this hand
28%
No matching quizzes found
Score Distribution
Percent of People with Each Score
Percentile by Number Answered
Your Score History
You have not taken this quiz since the last reset